Plant resources of South-East Asia

Uloženo v:
Podrobná bibliografie
Hlavní autor: Verheij, E. W. M.
Médium: Kniha
Jazyk:Undetermined
Vydáno: Indonesia PROSEA Foundation 1993
Témata:
Tagy: Přidat tag
Žádné tagy, Buďte první, kdo otaguje tento záznam!
Thư viện lưu trữ: Trung tâm Học liệu Trường Đại học Cần Thơ
LEADER 00533nam a2200181Ia 4500
001 CTU_38764
008 210402s9999 xx 000 0 und d
082 |a 634 
082 |b V513/No.2 
100 |a Verheij, E. W. M. 
245 0 |a Plant resources of South-East Asia 
245 0 |c E. W. M. Verheij, R. E. Coronel 
260 |a Indonesia 
260 |b PROSEA Foundation 
260 |c 1993 
650 |a Fruit trees - bibliography,Nut trees - bibliography 
904 |i Hieu 
980 |a Trung tâm Học liệu Trường Đại học Cần Thơ